Acta clinica belgica
| Título anterior: | Bulletins et Comptes rendus de la Sociʹetʹe Clinique des Hôpitaux de Bruxelles. |
|---|---|
| Autores Corporativos: | , |
| Formato: | Electrónico Seriadas |
| Lenguaje: | neerlandés francés |
| Publicado: |
Leuven
Acta clinica belgica.
Abingdon : Taylor & Francis |
| Materias: | |
| Acceso en línea: | Full text available from Research Library: 01/01/2011 to 11/30/2016 |
MARC
| LEADER | 00000nas a2200000 4500 | ||
|---|---|---|---|
| 001 | ssj0000394632 | ||
| 003 | WaSeSS | ||
| 005 | 20200512172242.0 | ||
| 006 | m d | ||
| 007 | cr n | ||
| 008 | 750720c19469999enkbr s 0 a0dut d | ||
| 010 | |a sn 79006170 | ||
| 016 | 7 | |a 0370306 |2 DNLM | |
| 016 | 7 | |a A04980000 |2 DNLM | |
| 022 | |l 0001-5512 |y 0001-5512 | ||
| 030 | |a ACCBAT | ||
| 035 | |a (WaSeSS)ssj0000394632 | ||
| 040 | |a MUL |b eng |c MUL |d NSD |d HUL |d OCL |d SER |d AIP |d NST |d DLC |d NSD |d CAS |d HUL |d SYS |d NLM |d OCLCQ |d MUQ |d CLU |d OCLCQ |d OCLCF |d OCLCO |d EUW |d OCLCO |d OCLCQ |d OCLCO |d NLM |d RDF |d OCLCO |d OCLCQ |d OCLCO |d OCLCA |d CASUM |d L2U |d WaSeSS | ||
| 041 | 0 | |a dut |a fre | |
| 042 | |a nsdp | ||
| 060 | 0 | 0 | |a W1 |b AC7835 |
| 210 | 0 | |a Acta clin. belg. | |
| 222 | 0 | |a Acta clinica belgica | |
| 245 | 0 | 0 | |a Acta clinica belgica |h [electronic resource]. |
| 260 | |a Leuven |b Acta clinica belgica. | ||
| 260 | 3 | |3 2016- : |a Abingdon : |b Taylor & Francis | |
| 362 | 0 | |a t. 1- jan./fév. 1946- | |
| 506 | |a License restrictions may limit access. | ||
| 546 | |a Articles in French and Flemish. | ||
| 550 | |a Official organ of Société belge de médecine interne, Société belge de biologie clinique and Sociétés cliniques des hôpitaux de Belgique. | ||
| 650 | 0 | |a Medicine |v Periodicals. | |
| 650 | 2 | |a Medicine. | |
| 650 | 6 | |a Médecine |v Périodiques. | |
| 650 | 7 | |a 44.61 internal medicine. |0 (NL-LeOCL)077596633 |2 bcl | |
| 650 | 7 | |a Medicine. |2 fast |0 (OCoLC)fst01014893 | |
| 651 | 4 | |a Belgium. | |
| 655 | 0 | |a Electronic journals. | |
| 710 | 2 | |a Société Belge de Médécine Interne. | |
| 710 | 2 | |a Société Belge de Biologie Clinique. | |
| 770 | 0 | |t Acta clinica Belgica. Supplementum |x 0567-7386 | |
| 780 | 0 | 2 | |t Bulletins et Comptes rendus de la Sociʹetʹe Clinique des Hôpitaux de Bruxelles. |
| 850 | |a CtY-M |a NjR | ||
| 853 | 1 | 2 | |8 1 |a t. |b fasc. |u 06 |v r |i (year) |
| 853 | 3 | 3 | |8 2 |a v. |b no. |u 06 |v r |i (year) |j (month) |w b |x 02 |
| 856 | 4 | 0 | |z Full text available from Research Library: 01/01/2011 to 11/30/2016 |u https://search.proquest.com/publication/836352 |
| 863 | 4 | 0 | |8 1 |a <1>- |i <1946>- |x provisional |
| 863 | 4 | 0 | |8 2 |a <53> |i <1998> |x provisional |